IFM Opac

Marine Insurance. (Record no. 14268)

MARC details
000 -LEADER
fixed length control field 00293nam a22001217a 4500
082 ## - DEWEY DECIMAL CLASSIFICATION NUMBER
Classification number 346.42086IVA.
100 ## - MAIN ENTRY--PERSONAL NAME
Personal name Ivamy, E.R.H.
245 ## - TITLE STATEMENT
Title Marine Insurance.
260 ## - PUBLICATION, DISTRIBUTION, ETC.
Place of publication, distribution, etc. London.
Name of publisher, distributor, etc. Butterworths.
Date of publication, distribution, etc. 1969.
300 ## - PHYSICAL DESCRIPTION
Extent liv, 586p.
Other physical details 24cm.
500 ## - GENERAL NOTE
General note Includes appendix and index.
942 ## - ADDED ENTRY ELEMENTS (KOHA)
Koha item type Books
Holdings
Withdrawn status Lost status Source of classification or shelving scheme Damaged status Not for loan Home library Current library Shelving location Date acquired Full call number Barcode Date last seen Price effective from Koha item type
    Dewey Decimal Classification     IFM Main Campus Library IFM Main Campus Library   11/25/2015 346.42086IVA. 0000010747 11/25/2015 11/25/2015 Books